000 00817nam a2200241 a 4500
001 000015275
003 DO-SdBNP
005 20240530073917.0
008 100204s2009 dr 000 f spa d
020 _a9789945420722
040 _aDO-SdBNP
_bspa
_cBNPHU
082 _aRD863.44
_bC314c
100 1 _aCarreras Aguilera, Pedro,
_d1954-
_934553
245 1 0 _aConfesiones a Claudia /
_cPedro Carreras Aguilera.
260 _aSan Francisco de Macorís, República Dominicana :
_bÁngeles de Fierro :
_bEditora Nacional,
_c2009.
300 _a183 p. ;
_c22 cm.
500 _aIncluye datos biográficos del autor en las solapas
590 _aInventariado, 2020/MFF
650 0 _aNovela dominicana
_9223
650 0 _aLiteratura dominicana.
_967
910 _aValidado. Control de calidad MMOLINA
942 _2ddc
_cLBS1
999 _c14841
_d14841